[Event "4NCL/Div3/LIT3 vs. CELT2"]
[Site "Sunningdale ENG"]
[Date "2008.10.19"]
[Round "2.1"]
[White "Hewitt, Sean D"]
[Black "Evans, Craig"]
[Result "0-1"]
[WhiteElo "1995"]
[BlackElo "2037"]
[PlyCount "86"]
[EventDate "2008.10.19"]
[SourceDate "2008.10.04"]

1. e4 e5 2. Bc4 Nf6 3. d3 c6 4. Nf3 d5 5. exd5 cxd5 6. Bb5+ Bd7 7. Bxd7+ Nbxd7
8. O-O Bd6 9. Nc3 h6 10. Ne2 O-O 11. Ng3 Re8 12. Bd2 Rc8 13. Qc1 Bf8 14. Re1
Kh7 15. Nf5 Ng8 16. g4 g6 17. Ng3 Bg7 18. Kg2 Nc5 19. Qd1 e4 20. dxe4 dxe4 21.
Ng1 Bxb2 22. Rb1 {=} Bg7 23. Rb4 b6 24. Nxe4 Nxe4 25. Rbxe4 Rxe4 26. Rxe4 Qd5
27. f3 Qxa2 28. Re2 Qxc2 29. Qf1 Qc6 30. Qf2 Re8 31. Be3 Nf6 32. h3 Nd5 33. Bd2
Rxe2 34. Nxe2 Qc5 35. Qg3 Qc2 36. Qe1 b5 37. Kf2 Bf8 38. Kf1 Qd3 39. Kg2 b4 40.
Nc1 Qd4 41. Qe8 Qxd2+ 42. Ne2 Nf4+ 43. Kh1 Qe1+ 0-1

[Event "4NCL/Div3/LIT3 vs. CELT2"]
[Site "Sunningdale ENG"]
[Date "2008.10.19"]
[Round "2.2"]
[White "Fathallah, Joe"]
[Black "Turvey, Steven"]
[Result "1/2-1/2"]
[WhiteElo "1976"]
[BlackElo "1915"]
[PlyCount "57"]
[EventDate "2008.10.19"]
[SourceDate "2008.10.04"]

1. d4 d5 2. Nf3 Nf6 3. Bf4 Nc6 4. e3 e6 5. c3 Nh5 6. Bg3 Nxg3 7. hxg3 Bd6 8.
Bd3 e5 9. dxe5 Nxe5 10. Nxe5 Bxe5 11. Qh5 Qd6 12. f4 Bf6 13. Qe2 Bd7 14. Nd2
O-O-O 15. O-O-O Rde8 16. e4 dxe4 17. Nxe4 Qc6 18. Qc2 Be7 19. c4 Be6 20. b3 f5
{=} 21. Nc3 g6 22. Rhe1 Bf6 23. Nb5 Qc5 24. a3 Kb8 25. b4 Qc6 26. a4 Bf7 {=}
27. Na3 Rxe1 28. Rxe1 Re8 29. Rxe8+ 1/2-1/2

[Event "4NCL/Div3/LIT3 vs. CELT2"]
[Site "Sunningdale ENG"]
[Date "2008.10.19"]
[Round "2.3"]
[White "Farrall, David J"]
[Black "Kitchen, Peter J"]
[Result "0-1"]
[WhiteElo "1818"]
[BlackElo "1895"]
[PlyCount "76"]
[EventDate "2008.10.19"]
[SourceDate "2008.10.04"]

1. e4 e5 2. Nf3 Nc6 3. Bc4 Nf6 4. d3 Be7 5. O-O O-O 6. Nc3 d6 7. h3 h6 8. Re1
Re8 9. d4 exd4 10. Nxd4 Nxd4 11. Qxd4 Bd7 12. Bf4 a6 13. a4 Bc6 14. Rad1 Nd7
15. Nd5 Bf6 16. Qe3 Ne5 17. Bxe5 Bxe5 18. f4 Bxb2 19. Qb3 Bf6 20. Nb6 cxb6 21.
Bxf7+ Kh8 22. Bxe8 Qxe8 23. Rxd6 Rd8 24. Rxd8 Qxd8 25. Qc4 Qd2 26. Rf1 Qd4+ 27.
Qxd4 Bxd4+ 28. Kh2 Bxe4 29. Rd1 Bf6 30. Rb1 Bxc2 31. Rxb6 Be4 32. Rb4 Bc6 33.
Kg3 Kg8 34. Kf2 Kf7 35. f5 Ke7 36. g3 Kd6 37. Ke3 Kc5 38. Rg4 h5 0-1

[Event "4NCL/Div3/LIT3 vs. CELT2"]
[Site "Sunningdale ENG"]
[Date "2008.10.19"]
[Round "2.4"]
[White "Price, Michael C"]
[Black "Tobisch, John"]
[Result "1-0"]
[WhiteElo "1915"]
[BlackElo "1886"]
[PlyCount "95"]
[EventDate "2008.10.19"]
[SourceDate "2008.10.04"]

1. e4 e6 2. d4 d5 3. Nc3 Nf6 4. Bg5 Bb4 5. e5 h6 6. Bd2 Bxc3 7. bxc3 Ne4 8. Qg4
Kf8 9. Bd3 Nxd2 10. Kxd2 Qg5+ 11. Qxg5 hxg5 12. Nh3 f6 13. f4 g4 14. Nf2 f5 15.
h3 gxh3 16. Nxh3 Nc6 17. Rab1 Ne7 18. Ng5 Rxh1 19. Rxh1 Kg8 20. Be2 Bd7 21. Bh5
Rf8 22. g3 b6 23. Be2 c6 24. Rb1 Rc8 25. a4 Rc7 26. Bh5 g6 27. Be2 Kg7 28. Rh1
Bc8 29. Rh7+ Kg8 30. Rf7 c5 31. Rf6 cxd4 32. cxd4 Kg7 33. Nxe6+ Bxe6 34. Rxe6
Nc6 35. c3 Na5 36. Rd6 Nb3+ 37. Kd3 Nc1+ 38. Kd2 Nb3+ 39. Ke1 Rxc3 40. Rxd5
Rxg3 41. Rd7+ Kf8 42. Kf2 Rc3 43. e6 Nd2 44. e7+ Ke8 45. Bb5 Ne4+ 46. Kg2 Rc2+
47. Kh3 Nf2+ 48. Kh4 1-0

[Event "4NCL/Div3/LIT3 vs. CELT2"]
[Site "Sunningdale ENG"]
[Date "2008.10.19"]
[Round "2.5"]
[White "Rajeswaran, Kiruthika"]
[Black "Buttell, David"]
[Result "1-0"]
[WhiteElo "1850"]
[BlackElo "1755"]
[PlyCount "63"]
[EventDate "2008.10.19"]
[SourceDate "2008.10.04"]

1. e4 c5 2. Nf3 d6 3. Bb5+ Bd7 4. Bxd7+ Qxd7 5. d4 cxd4 6. Nxd4 Nc6 7. Nc3 e6
8. Be3 Nxd4 9. Qxd4 Ne7 10. O-O-O Nc6 11. Qd2 Ne5 12. Qe2 a6 13. f4 Nc6 14. f5
Be7 15. g4 b5 16. Rhf1 O-O-O 17. a4 Na7 18. fxe6 fxe6 19. Rf7 Rhg8 20. Kb1 Rdf8
21. Rxf8+ Rxf8 22. Bxa7 Qxa7 23. axb5 axb5 24. Nxb5 Qb6 25. Qc4+ Kd7 26. Nd4
Rf6 27. e5 Rg6 28. exd6 Bxd6 29. Nb5 e5 30. Qf7+ Kc6 31. Qe8+ Kb7 32. Nxd6+ 1-0

[Event "4NCL/Div3/LIT3 vs. CELT2"]
[Site "Sunningdale ENG"]
[Date "2008.10.19"]
[Round "2.6"]
[White "Kitchen, Michael J"]
[Black "Hewitt, Graham"]
[Result "1-0"]
[WhiteElo "1715"]
[BlackElo "1750"]
[PlyCount "41"]
[EventDate "2008.10.19"]
[SourceDate "2008.10.04"]

1. Nf3 d5 2. d3 Nc6 3. Nbd2 e5 4. c3 f5 5. Nb3 Bd7 6. g3 Qf6 7. Bg2 O-O-O 8.
Bg5 Qe6 9. Bxd8 Nxd8 10. O-O Nf7 11. Qd2 h6 12. Rfc1 g5 13. c4 d4 14. Qa5 a6
15. Nc5 Bxc5 16. Qxc5 g4 17. Nh4 b6 18. Qf8+ Be8 19. Ng6 Kb8 20. Nxh8 Ng5 21.
Bd5 1-0

[Event "4NCL/Div3/CONQ vs. MET"]
[Site "Sunningdale ENG"]
[Date "2008.10.19"]
[Round "2.1"]
[White "Turner, Caius"]
[Black "Dickson, George"]
[Result "1-0"]
[WhiteElo "2089"]
[BlackElo "2135"]
[PlyCount "93"]
[EventDate "2008.10.19"]
[SourceDate "2008.10.04"]

1. Nf3 f5 2. c4 Nf6 3. Nc3 g6 4. g3 Bg7 5. Bg2 O-O 6. O-O d6 7. c5 c6 8. b4 Ne4
9. Qb3+ e6 10. cxd6 Qxd6 11. Rb1 Nxc3 12. dxc3 Kh8 13. Bf4 e5 14. Rbd1 Qe7 15.
Bg5 Bf6 16. Bxf6+ Qxf6 17. c4 Na6 18. b5 cxb5 19. cxb5 Be6 20. Qe3 Nc7 21. Qxe5
Qxe5 22. Nxe5 Nxb5 23. Rb1 Nc3 24. Rb2 Rab8 25. f4 Rfc8 26. Kf2 Rd8 27. Rxb7
Rxb7 28. Bxb7 Nd1+ 29. Ke1 Rb8 30. Bc6 Ne3 31. Rf3 Nc2+ 32. Kd2 Rb2 33. a4 Nd4+
34. Kc3 Nxf3 35. Kxb2 Nxh2 36. Bg2 Kg7 37. Kc3 h6 38. Kb4 g5 39. fxg5 hxg5 40.
Nc6 Ng4 41. Nxa7 Ne3 42. Bb7 Nf1 43. Nb5 Nxg3 44. a5 Nxe2 45. a6 Nf4 46. a7
Nd5+ 47. Kc5 1-0

[Event "4NCL/Div3/CONQ vs. MET"]
[Site "Sunningdale ENG"]
[Date "2008.10.19"]
[Round "2.2"]
[White "Djabri, Zafer M"]
[Black "Gibbs, Dominic"]
[Result "1-0"]
[WhiteElo "2103"]
[BlackElo "1970"]
[PlyCount "89"]
[EventDate "2008.10.19"]
[SourceDate "2008.10.04"]

1. c4 f5 2. g3 Nf6 3. Bg2 g6 4. Nc3 Bg7 5. e4 fxe4 6. Nxe4 Nc6 7. Ne2 Nxe4 8.
Bxe4 e5 9. d3 d6 10. O-O Bh3 11. Re1 O-O 12. Be3 Qf6 13. Qd2 Rab8 14. Nc3 Nd4
15. Bxd4 exd4 16. Nd5 Qd8 17. Qa5 b6 18. Qxa7 c6 19. Ne7+ Kh8 20. Nxc6 Qf6 21.
f4 Rbe8 22. Nb4 g5 23. Nd5 Qh6 24. f5 Be5 25. Qd7 Qh5 26. Nc7 Rd8 27. Qe7 Bf6
28. Qe6 Be5 29. Qd5 Rf6 30. Bf3 Qh6 31. Rxe5 g4 32. Rae1 dxe5 33. Qxd8+ Rf8 34.
Qd5 gxf3 35. Qxe5+ Kg8 36. Qd5+ Kh8 37. Qxd4+ Kg8 38. Qd5+ Kh8 39. Qxf3 Bxf5
40. Qd5 Qd2 41. Qe5+ Kg8 42. Ne6 Bxe6 43. Qxe6+ Kg7 44. Qe2 Qa5 45. Qe5+ 1-0

[Event "4NCL/Div3/CONQ vs. MET"]
[Site "Sunningdale ENG"]
[Date "2008.10.19"]
[Round "2.3"]
[White "Foster, James C"]
[Black "Fegan, Chris"]
[Result "1/2-1/2"]
[WhiteElo "1992"]
[BlackElo "2098"]
[PlyCount "73"]
[EventDate "2008.10.19"]
[SourceDate "2008.10.04"]

1. e4 g6 2. d4 Bg7 3. Nc3 d5 4. exd5 Nf6 5. Bc4 Nbd7 6. d6 cxd6 7. Nge2 Nb6 8.
Bb3 O-O 9. O-O Bd7 10. a4 d5 11. Nf4 Bc6 12. f3 e6 13. Nce2 Rc8 14. c3 Nfd7 15.
Nd3 f6 16. Nef4 Re8 17. a5 Nc4 18. a6 e5 19. axb7 Bxb7 20. Ne2 a5 21. Ba4 Re6
22. Bxd7 Qxd7 23. Nc5 Rxc5 24. dxc5 Qb5 25. Re1 Qxc5+ 26. Kh1 f5 27. Nd4 Rb6
28. Qa4 exd4 29. Re8+ Bf8 30. Bh6 Bc6 31. Bxf8 Bxe8 32. Bxc5 Bxa4 33. Bxb6 Nxb6
34. cxd4 h5 35. b3 Bxb3 36. Rxa5 Bc4 37. Ra7 1/2-1/2

[Event "4NCL/Div3/CONQ vs. MET"]
[Site "Sunningdale ENG"]
[Date "2008.10.19"]
[Round "2.4"]
[White "Calvert, D Ian"]
[Black "Holland, James"]
[Result "1-0"]
[WhiteElo "2051"]
[BlackElo "1920"]
[PlyCount "53"]
[EventDate "2008.10.19"]
[SourceDate "2008.10.04"]

1. b3 d5 2. Bb2 c5 3. e3 Nc6 4. Bb5 Nf6 5. Nf3 Bg4 6. h3 Bh5 7. g4 Bg6 8. Ne5
Qc7 9. f4 e6 10. h4 O-O-O 11. Bxc6 bxc6 12. h5 Be4 13. Rg1 h6 14. d3 Bh7 15.
Nd2 Bd6 16. Ndf3 Rhf8 17. Qe2 Qb7 18. O-O-O a5 19. a4 Qa6 20. g5 Nxh5 21. gxh6
gxh6 22. Qh2 Bg6 23. Nxg6 fxg6 24. Qh3 Nf6 25. Qxe6+ Kc7 26. Rxg6 Rde8 27. Rg7+
1-0

[Event "4NCL/Div3/CONQ vs. MET"]
[Site "Sunningdale ENG"]
[Date "2008.10.19"]
[Round "2.5"]
[White "Paul, Barnaby"]
[Black "Vachtfeidl, Petr"]
[Result "0-1"]
[WhiteElo "1750"]
[BlackElo "2015"]
[PlyCount "88"]
[EventDate "2008.10.19"]
[SourceDate "2008.10.04"]

1. c4 g6 2. g3 Bg7 3. Bg2 c5 4. Nc3 Nc6 5. e3 e5 6. Nge2 Nge7 7. b3 d6 8. Bb2
Be6 9. O-O d5 10. cxd5 Nxd5 11. Rc1 Ndb4 12. Ba3 Nd3 13. Ra1 Qa5 14. Bc1 O-O
15. Be4 Rfd8 16. Qc2 f5 17. Bg2 e4 18. f3 exf3 19. Bxf3 Rd6 20. Bxc6 Nb4 21.
Qb1 Nxc6 22. Rd1 Rad8 23. Qb2 b6 24. a3 R8d7 25. Qc2 Ne5 26. Nf4 Bf7 27. Bb2
Rxd2 28. Rxd2 Rxd2 29. Qc1 Nf3+ 30. Kf1 Nxh2+ 31. Kg1 Nf3+ 32. Kf1 Qa6+ 33.
Nce2 Bxb2 34. Qb1 Rxe2 35. Nxe2 Nd2+ 36. Ke1 Nxb1 37. Rxb1 Qa5+ 38. Kf1 Qd2 39.
Re1 Bxb3 40. a4 Bc4 41. a5 Bc3 42. Ra1 Qxe2+ 43. Kg1 Bd5 44. axb6 Qg2# 0-1

[Event "4NCL/Div3/CONQ vs. MET"]
[Site "Sunningdale ENG"]
[Date "2008.10.19"]
[Round "2.6"]
[White "Cooke, Charlie"]
[Black "Foster, Caroline"]
[Result "0-1"]
[WhiteElo "1940"]
[BlackElo "1610"]
[PlyCount "67"]
[EventDate "2008.10.19"]
[SourceDate "2008.10.04"]

1. d4 d5 2. c4 Nf6 3. cxd5 Qxd5 4. Nc3 Qa5 5. Nf3 c6 6. Qc2 Bf5 7. Qb3 Qc7 8.
Bg5 Nbd7 9. e3 e6 10. Bf4 Qb6 11. Qd1 Qxb2 12. Qc1 Ba3 13. Ne2 Bb4+ 14. Kd1
Bc2+ 15. Qxc2 Qxa1+ 16. Nc1 Nd5 17. Ke2 Qc3 18. Qxc3 Nxc3+ 19. Kd3 O-O 20. a3
Bxa3 21. Kxc3 Bxc1 22. Bd6 Rfd8 23. Bd3 Nb6 24. Bb4 Nd5+ 25. Kb3 a5 26. Bc5 b6
27. Rxc1 bxc5 28. Rxc5 Rdb8+ 29. Kc2 Nb4+ 30. Kc3 a4 31. Rc4 Nxd3 32. Kxd3 a3
33. Rc1 a2 34. Ra1 0-1

[Event "4NCL/Div3/graded friendly"]
[Site "Sunningdale ENG"]
[Date "2008.10.19"]
[Round "2"]
[White "Shaw, Matthew"]
[Black "Waldock, Adrian"]
[Result "1/2-1/2"]
[WhiteElo "1925"]
[BlackElo "1925"]
[PlyCount "49"]
[EventDate "2008.10.19"]
[SourceDate "2008.10.04"]

1. e4 Nf6 2. Nc3 d5 3. exd5 Nxd5 4. Nf3 e6 5. Bc4 Nb6 6. Bb3 c5 7. d3 Be7 8.
O-O O-O 9. a4 Nc6 10. Ne4 Nd5 11. d4 cxd4 12. Nxd4 Nxd4 13. Qxd4 Nf6 14. Qe3
Qc7 15. Bd2 Nxe4 16. Qxe4 Bf6 17. c3 Bd7 18. Bc2 g6 19. Qf3 Be5 20. Bh6 Bc6 21.
Be4 Bxe4 22. Qxe4 Rfe8 {=} 23. g3 Rac8 24. Rfd1 Rcd8 25. Qf3 1/2-1/2